000 00411nam a2200133Ia 4500
008 230917s9999||||xx |||||||||||||| ||und||
040 _e92725
_aMAIN
041 _aEnglish
082 _a616 J953P
100 _aJuneja, Pawan
245 0 _aPrognostic value of silent myocardial ischemia detected by 24 hours ambulatory holter monitoring early after acute myocardial infraction
300 _a119 p.
942 _cTH
999 _c79528
_d79528